| 000 | 01080nam a22002175i 4500 | ||
|---|---|---|---|
| 001 | 160558 | ||
| 003 | ES-MaACL | ||
| 005 | 20251011165009.0 | ||
| 008 | 010829s1879 sp |||| | spa d | ||
| 040 |
_aAR _bspa _cAR |
||
| 100 | 1 |
_aNavarro Gonzalvo, Eduardo, _d1846-1902 _985134 |
|
| 245 | 1 | 0 |
_a¡Nos matamos! _b: entremés lírico en un acto y en verso / _cletra de los señores Eduardo Navarro Gonzalvo y Calisto Navarro ; música del maestro Manuel Nieto. |
| 260 |
_aMadrid : _b[Hijos de A. Gullón], _c1879 ( _fM.P. Montoya) |
||
| 300 |
_a24 p ; _c19 cm. |
||
| 500 | _aEn port.: Estrenado con extraordinario éxito en el teatro de Eslava de Madrid, la noche del 16 de mayo de 1879. | ||
| 500 | _aSolo la letra. | ||
| 700 | 1 | 1 |
_aNavarro, Calisto. _9130413 |
| 700 | 1 |
_aNieto, Manuel, _d1844-1915 _9130485 |
|
| 852 |
_aES-MaACL _jF-8578(12) _z-- Enc. pasta española _z-- Dedicatoria ms. de C. Navarro _q-- Falto de la cub. original _z-- Enc. en un vol. facticio formando parte de la col. faciticia "Teatro español moderno", vol. 31 |
||
| 999 |
_c160558 _d160558 |
||